000 03055nam0a2200433 4500
001 RU\NLR\BIBL_A\012722945
005 20220330110001.0
010 _a978-5-6043461-6-7
_91000
021 _aRU
_bКН-П-21-078905
_9КН-П-21-6282
035 _a(NLR Aleph) 012722945
035 _a(RuMoRGB)010877093
090 _a12947566
_c12947566
100 _a20220304d2021 u y0rusy50 ca
101 1 _arus
_alat
_cund
102 _aRU
105 _ay|||z|||000zy
181 0 _ai3
_baxxe
182 0 _an
200 1 _aГоворите ли Вы на латыни?
_e[разговорник]
_fГеорг Капеллан
_g[пер. И.Р. Гимадеева, И.С. Селиванова]
203 _aТекст
_bвизуальный
_cнепосредственный
210 _aМосква
_cИзд-во книжной лавки "Листва"
_d2021
215 _a162 с.
_cтабл.
_d21
300 _aНа тит. с.: Loqverisne latine? / Georgii Capellani
300 _aОписано по обл.
300 _aТекст рус., лат.
330 _aРазговорник Капеллана был впервые опубликован в 1890-м году, выдержав семнадцать немецких изданий, был переведен дважды на английский, испанский, французский, итальянский и японский языки. За псевдонимом Капеллан скрывается доктор философии Эдуард Йонсон (1840-1903), преподававший классические языки в гимназии города Плауэна, а позже в Хемнице. Сегодня его книга является самым распространенным подобным изданием, продолжая славную традицию Эразма и Вивеса. На русский язык книга переводится впервые, когда в России и мире возрождается интерес к живой латыни. Книга будет полезна изучающим латинский язык в школах и ВУЗах, а также самостоятельно, способствуя развитию интереса к древним языкам и античной культуре, на примере доказывая, что латинский может быть веселым
517 1 _6z92790
_aLoqverisne latine?
_zlat
606 1 _aРусский язык
_xРазговорники
_xЛатинский язык
_92445885
_3RU\NLR\AUTH\6601672369
675 _a811.124
_v4
686 1 _aШ141.12-498.1
686 1 _aШ146.16-498.2
700 1 _aКапеллан
_bГ.
_gГеорг
702 1 _aГимадеев
_bИ. Р.
_gИльяс Рустэмович
_4730
790 1 _6z92517
_aCapellani
_bG.
_gGeorgii
942 _cBOOK
980 _aNB